Sports Quiz

Random Sports Quiz

Trish Stratus Opponents 2000-2003 Quiz Stats

 Plays Quiz not verified by Sporcle

Challenge
Share
Tweet
Embed
Score 0/274 Timer 15:00
0 Plays Today
Date Answer % Correct
06/20/00Lita
98.5%
06/28/00Lita
98.5%
07/10/00Lita
98.5%
07/23/00Lita
98.5%
07/24/00Lita
98.5%
07/25/00Lita
98.5%
07/31/00Lita
98.5%
10/17/00Lita
98.5%
10/22/00Lita
98.5%
10/23/00Lita
98.5%
10/24/00Lita
98.5%
10/31/00Lita
98.5%
07/10/01Lita
98.5%
11/18/01Lita
98.5%
11/19/01Lita
98.5%
03/17/02Lita
98.5%
03/18/02Lita
98.5%
10/27/03Lita
98.5%
07/17/01Torrie Wilson
96.3%
07/22/01Torrie Wilson
96.3%
07/23/01Torrie Wilson
96.3%
11/05/02Torrie Wilson
96.3%
11/18/01Jazz
94.8%
01/08/02Jazz
94.8%
01/20/02Jazz
94.8%
01/22/02Jazz
94.8%
01/28/02Jazz
94.8%
02/04/02Jazz
94.8%
03/04/02Jazz
94.8%
03/11/02Jazz
94.8%
03/17/02Jazz
94.8%
03/19/02Jazz
94.8%
04/21/02Jazz
94.8%
04/22/02Jazz
94.8%
05/04/02Jazz
94.8%
05/06/02Jazz
94.8%
05/13/02Jazz
94.8%
07/01/02Victoria
94.8%
08/05/02Victoria
94.8%
09/09/02Victoria
94.8%
09/23/02Victoria
94.8%
09/30/02Victoria
94.8%
10/14/02Victoria
94.8%
10/20/02Victoria
94.8%
10/21/02Victoria
94.8%
11/17/02Victoria
94.8%
11/25/02Victoria
94.8%
12/09/02Victoria
94.8%
12/15/02Victoria
94.8%
12/16/02Victoria
94.8%
12/21/02Victoria
94.8%
01/06/03Victoria
94.8%
01/13/03Victoria
94.8%
01/20/03Victoria
94.8%
01/27/03Victoria
94.8%
03/03/03Victoria
94.8%
03/03/03Jazz
94.8%
03/10/03Jazz
94.8%
03/17/03Victoria
94.8%
03/24/03Victoria
94.8%
03/30/03Jazz
94.8%
03/30/03Victoria
94.8%
04/07/03Jazz
94.8%
04/14/03Victoria
94.8%
04/14/03Jazz
94.8%
04/27/03Jazz
94.8%
05/05/03Jazz
94.8%
05/12/03Victoria
94.8%
05/18/03Jazz
94.8%
05/18/03Victoria
94.8%
06/02/03Jazz
94.8%
06/02/03Victoria
94.8%
06/07/03Jazz
94.8%
06/09/03Jazz
94.8%
06/09/03Victoria
94.8%
06/23/03Victoria
94.8%
06/30/03Jazz
94.8%
06/30/03Victoria
94.8%
07/14/03Victoria
94.8%
07/21/03Victoria
94.8%
10/06/03Victoria
94.8%
10/13/03Victoria
94.8%
10/20/03Victoria
94.8%
10/27/03Victoria
94.8%
11/03/03Victoria
94.8%
12/04/03Victoria
94.8%
12/08/03Victoria
94.8%
12/29/03Victoria
94.8%
11/19/00Molly Holly
91.9%
11/21/00Molly Holly
91.9%
11/27/00Molly Holly
91.9%
12/05/00Molly Holly
91.9%
Date Answer % Correct
12/10/00Molly Holly
91.9%
10/22/01Molly Holly
91.9%
10/23/01Molly Holly
91.9%
11/18/01Molly Holly
91.9%
12/22/01Molly Holly
91.9%
04/08/02Molly Holly
91.9%
04/15/02Molly Holly
91.9%
04/22/02Molly Holly
91.9%
04/29/02Molly Holly
91.9%
05/04/02Molly Holly
91.9%
05/27/02Molly Holly
91.9%
06/10/02Molly Holly
91.9%
06/17/02Molly Holly
91.9%
06/23/02Molly Holly
91.9%
06/24/02Molly Holly
91.9%
07/15/02Molly Holly
91.9%
07/22/02Molly Holly
91.9%
07/29/02Molly Holly
91.9%
08/12/02Molly Holly
91.9%
09/02/02Molly Holly
91.9%
09/22/02Molly Holly
91.9%
09/23/02Molly Holly
91.9%
10/14/02Molly Holly
91.9%
10/28/02Molly Holly
91.9%
12/21/02Molly Holly
91.9%
01/06/03Molly Holly
91.9%
06/02/03Molly Holly
91.9%
06/16/03Molly Holly
91.9%
06/30/03Molly Holly
91.9%
07/07/03Molly Holly
91.9%
07/21/03Molly Holly
91.9%
08/04/03Molly Holly
91.9%
08/11/03Molly Holly
91.9%
08/18/03Molly Holly
91.9%
09/01/03Molly Holly
91.9%
09/08/03Molly Holly
91.9%
09/15/03Molly Holly
91.9%
09/21/03Molly Holly
91.9%
09/22/03Molly Holly
91.9%
10/13/03Molly Holly
91.9%
10/20/03Molly Holly
91.9%
12/08/03Molly Holly
91.9%
12/29/03Molly Holly
91.9%
07/22/01Stacy Keibler
91.1%
11/20/01Stacy Keibler
91.1%
11/26/01Stacy Keibler
91.1%
03/11/02Stacy Keibler
91.1%
05/19/02Stacy Keibler
91.1%
05/21/02Stacy Keibler
91.1%
08/19/02Stacy Keibler
91.1%
09/09/02Stacy Keibler
91.1%
10/07/02Stacy Keibler
91.1%
08/21/00Ivory
85.9%
10/31/00Ivory
85.9%
10/31/00Jacqueline
85.9%
12/10/00Ivory
85.9%
12/18/00Jacqueline
85.9%
01/15/01Jacqueline
85.9%
03/27/01Ivory
85.9%
04/23/01Ivory
85.9%
05/22/01Ivory
85.9%
10/22/01Ivory
85.9%
10/30/01Ivory
85.9%
11/18/01Ivory
85.9%
11/18/01Jacqueline
85.9%
11/27/01Jacqueline
85.9%
12/09/01Jacqueline
85.9%
12/11/01Jacqueline
85.9%
03/19/02Ivory
85.9%
03/25/02Ivory
85.9%
05/20/02Jacqueline
85.9%
06/11/02Ivory
85.9%
10/28/02Jacqueline
85.9%
11/04/02Ivory
85.9%
12/02/02Ivory
85.9%
12/15/02Jacqueline
85.9%
12/21/02Ivory
85.9%
01/13/03Jacqueline
85.9%
03/31/03Ivory
85.9%
05/18/03Jacqueline
85.9%
06/30/03Ivory
85.9%
06/30/03Jacqueline
85.9%
06/20/00Matt Hardy
85.2%
06/20/00Jeff Hardy
85.2%
06/28/00Matt Hardy
85.2%
06/28/00Jeff Hardy
85.2%
07/23/00Matt Hardy
85.2%
07/23/00Jeff Hardy
85.2%
08/22/00Chyna
85.2%
08/27/00Chyna
85.2%
10/24/00Matt Hardy
85.2%
10/24/00Jeff Hardy
85.2%
Date Answer % Correct
04/30/01Chyna
85.2%
07/25/00Chris Jericho
80%
08/21/00Crash Holly
80%
11/19/00Crash Holly
80%
11/27/00Crash Holly
80%
05/06/02Crash Holly
80%
06/17/02Crash Holly
80%
10/21/02Chris Jericho
80%
12/09/02Chris Jericho
80%
12/04/03Chris Jericho
80%
12/14/03Chris Jericho
80%
12/15/03Chris Jericho
80%
09/18/00Stephanie McMahon Helmsley
78.5%
01/22/01Stephanie McMahon Helmsley
78.5%
02/25/01Stephanie McMahon Helmsley
78.5%
02/26/01Stephanie McMahon Helmsley
78.5%
04/02/01Stephanie McMahon Helmsley
78.5%
12/03/01Vince McMahon
77.8%
10/21/02Christian
77.8%
12/09/02Christian
77.8%
12/14/03Christian
77.8%
12/15/03Christian
77.8%
11/27/00Hardcore Holly
76.3%
06/30/03Gail Kim
71.1%
08/11/03Gail Kim
71.1%
08/25/03Gail Kim
71.1%
09/01/03Gail Kim
71.1%
09/08/03Gail Kim
71.1%
09/15/03Gail Kim
71.1%
09/21/03Gail Kim
71.1%
09/22/03Gail Kim
71.1%
10/13/03Gail Kim
71.1%
10/27/03Gail Kim
71.1%
11/17/03Gail Kim
71.1%
09/18/00Triple H
66.7%
01/22/01Triple H
66.7%
07/31/00The Rock
65.2%
08/22/00Eddie Guerrero
62.2%
08/27/00Eddie Guerrero
62.2%
05/06/02Steven Richards
62.2%
05/13/02Steven Richards
62.2%
12/16/02Steven Richards
62.2%
01/20/03Steven Richards
62.2%
03/17/03Steven Richards
62.2%
03/24/03Steven Richards
62.2%
06/23/03Steven Richards
62.2%
07/14/03Steven Richards
62.2%
10/06/03Steven Richards
62.2%
11/03/03Steven Richards
62.2%
05/28/01Terri
60.7%
06/04/01Terri
60.7%
07/16/01Terri
60.7%
01/07/02Terri
60.7%
01/08/02Terri
60.7%
04/01/02Terri
60.7%
06/03/02Terri
60.7%
06/11/02Miss Jackie
60.7%
06/24/02Miss Jackie
60.7%
07/08/02Miss Jackie
60.7%
11/24/03Miss Jackie
60.7%
12/01/03Miss Jackie
60.7%
12/29/03Miss Jackie
60.7%
01/08/01Test
59.3%
12/10/01Bubba Ray Dudley
59.3%
04/21/03Bubba Ray Dudley
59.3%
07/14/03Test
59.3%
10/22/00Bradshaw
58.5%
12/18/00Bradshaw
58.5%
12/10/01D-Von Dudley
57.8%
04/21/03D-Von Dudley
57.8%
09/18/00Kurt Angle
57%
12/03/01Kurt Angle
57%
08/22/00Steve Blackman
50.4%
10/22/00Faarooq
50.4%
11/19/00Steve Blackman
50.4%
12/18/00Faarooq
50.4%
02/26/01William Regal
45.9%
05/27/02William Regal
45.9%
07/22/02William Regal
45.9%
12/01/03Rico
38.5%
07/29/02Big Show
34.1%
01/28/02Billy Gunn
32.6%
05/22/01Goodfather
20.7%
07/08/02Chris Nowinski
20%
08/12/02Chris Nowinski
20%
09/02/02Chris Nowinski
20%
05/22/01Bull Buchanan
18.5%
04/28/03Eric Bischoff
18.5%
01/28/02Chuck Palumbo
17%
05/28/01Perry Saturn
16.3%

You're not logged in!

Compare scores with friends on all Sporcle quizzes.
OR
Log In

You Might Also Like...

Show Comments

Extras

Top Quizzes Today


Score Distribution

Your Account Isn't Verified!

In order to create a playlist on Sporcle, you need to verify the email address you used during registration. Go to your Sporcle Settings to finish the process.

Report this User

Report this user for behavior that violates our Community Guidelines.

Details: